Peter Pan

Bibliographic Details
Format: Book
Published: Leicester : Magna Books , 1992
Series:Magna fairy tale classic
Subjects:

MARC

LEADER 00000cam a2200000 7i4500
001 0000005573
002 000006025
005 20000330.0
020 |a 1854224700 
090 0 0 |a JF   |b PET 
245 0 0 |a Peter Pan   |c Illustrated by Van Gool 
260 |a Leicester :   |b Magna Books ,   |c 1992 
300 |a 60p. :   |b ill. ;   |c 29cm. 
490 0 |a Magna fairy tale classic 
650 0 0 |a Children's stories 
999 |a 029082   |b BUKU   |c PINJAMAN   |e PERPUSTAKAAN KOMUNITI PETALING JAYA 
999 |a 029083   |b BUKU   |c PINJAMAN   |e PERPUSTAKAAN KOMUNITI PETALING JAYA 
999 |a 057290   |b BUKU   |c PINJAMAN   |e PERPUSTAKAAN KOMUNITI PETALING JAYA 
999 |a 057291   |b BUKU   |c PINJAMAN   |e PERPUSTAKAAN KOMUNITI PETALING JAYA 
999 |a 057292   |b BUKU   |c PINJAMAN   |e PERPUSTAKAAN KOMUNITI PETALING JAYA